Recitaciones del derecho civil / (Record no. 155211)
[ view plain ]
| 000 -LEADER | |
|---|---|
| campo de control de longitud fija | 01001nam a22002055i 4500 |
| 001 - NÚMERO DE CONTROL | |
| campo de control | 155211 |
| 003 - IDENTIFICADOR DE NÚMERO DE CONTROL | |
| campo de control | ES-MaACL |
| 005 - FECHA Y HORA DE LA ÚLTIMA TRANSACCIÓN | |
| campo de control | 20250809040614.0 |
| 008 - DATOS DE LONGITUD FIJA--INFORMACIÓN GENERAL | |
| campo de control de longitud fija | 940202s1835 sp a |||| | spa d |
| 040 ## - FUENTE DE CATALOGACIÓN | |
| Centro catalogador/agencia de origen | AS |
| Lengua de catalogación | spa |
| 100 1# - ENTRADA PRINCIPAL--NOMBRE DE PERSONA | |
| Nombre de persona | Heineccius, Johann Gottlieb ( |
| Fechas asociadas al nombre | 1681-1741) |
| 9 (RLIN) | 127831 |
| 245 10 - MENCIÓN DEL TÍTULO | |
| Título | Recitaciones del derecho civil / |
| Mención de responsabilidad, etc. | de J. Heinecio ; traducción al castellano, enriquecida con notas y adiciones considerables por Luis de Collantes y Bustamante ; y aumentado con un apéndice de las materias más notables del Derecho real de España por un abogado del Colegio de esta corte. |
| 260 ## - PUBLICACIÓN, DISTRIBUCIÓN, ETC. | |
| Lugar de publicación, distribución, etc. | Madrid : |
| Nombre del editor, distribuidor, etc. | [s.n.], |
| Fecha de publicación, distribución, etc. | 1835 ( |
| Fabricante | Imprenta de Don Pedro Sanz) |
| 300 ## - DESCRIPCIÓN FÍSICA | |
| Extensión | 3 v.(52, 361 p., [2] h. pleg. ; 362-700 p., [2]h. pleg. ; 292 p.) ; |
| Dimensiones | 16 cm. |
| 650 #7 - PUNTO DE ACCESO ADICIONAL DE MATERIA--TÉRMINO DE MATERIA | |
| Término de materia o nombre geográfico como elemento de entrada | Derecho civil |
| Fuente del encabezamiento o término | embne |
| 9 (RLIN) | 11656 |
| 700 01 - ENTRADA AGREGADA--NOMBRE PERSONAL | |
| Nombre de persona | Abogado del Colegio de esta Corte, Un. |
| 9 (RLIN) | 125532 |
| 700 1# - ENTRADA AGREGADA--NOMBRE PERSONAL | |
| Nombre de persona | Collantes y Bustamante, Luis de. |
| 9 (RLIN) | 126541 |
| 852 ## - LOCALIZACIÓN | |
| Ubicación | ES-MaACL |
| Número de control de estantería | D-3812-14 |
| Nota libre | -- Enc. pasta |
| Estatus retirado | Estado de pérdida | Estado de daño | No para préstamo | Colección | Biblioteca de origen | Biblioteca actual | Ubicación en estantería | Fecha de adquisición | Total de préstamos | Signatura topográfica completa | Código de barras | Visto por última vez | Precio de reemplazo | Tipo de ítem Koha |
|---|---|---|---|---|---|---|---|---|---|---|---|---|---|---|
| Libros del s. XIX | Biblioteca del Ateneo de Madrid | Biblioteca del Ateneo de Madrid | Sala Valle Inclán | 17/01/2008 | D-3812-14 | 901162358 | 23/02/2023 | 23/02/2023 | Libro impreso antiguo |
